000 00497nam a2200181Ia 4500
005 20250508161758.0
008 008 250505s9999 xx 000 0 eng d
037 _aTextual
040 _aFEDL
_beng
_cFEDL
041 _aeng
_2eng
084 _a355.1, ENG
_qFEDL
100 _aEngeman Jack
_992936
245 0 _aWest point : The life of a cadet
260 _aNew York, USA
_bLee and Shepard Company
300 _a151p.
942 _cTEXL
_h355.1, ENG
999 _c1372139
_d1372139